| 000 | 00701cam a22002297a 4500 | ||
|---|---|---|---|
| 999 |
_c7294 _d7294 |
||
| 003 | OSt | ||
| 005 | 20200513163725.0 | ||
| 008 | 200513e201801 spca||| |||| 0|1 0aspa|d | ||
| 017 |
_aDL B 21855-2018 _bBiblioteca de Catalunya |
||
| 020 | _a9788499427454 | ||
| 040 |
_aES-BaBC _bcat _cCDMR |
||
| 041 | 1 | _aspa | |
| 080 | _a07 | ||
| 100 | 1 |
_aGuindal, Mariano, _d1951- |
|
| 245 | 1 | 3 |
_aUn Hombre con buena suerte _b: memorias apasionadas de un reportero / _cMariano Guindal |
| 260 |
_aBarcelona : _bPenínsula, _c2018 |
||
| 300 |
_a589 p. , _bil ; _c23 cm |
||
| 500 | _aInclou índex | ||
| 600 | 1 | 7 |
_aGuindal, Mariano, _d1951- _2lemac |
| 650 | 7 |
_aPeriodistes _zEspanya _xBiografia _2lemac _93074 |
|
| 942 | _cMON | ||